00745nam a2200193Ia 450000500170000000800410001702000250005804000190008304100120010208200160011410000180013024501160014826000410026430000120030550401780031765000140049565100280050985000140053720220524130236.0131103s9999 xx 000 0 und d a826476929cRs.195.00 aLoreto College aEnglish a801.95bBLO aBloom, Harold aDeconstruction and criticismcHarold Bloom, Paul de Man, Jacques Derrida, Geoffrey H. Hartman, J. Hillis Miller aLondon and New YorkbContinuumc1979 ax,208p  aBloom, H. The breaking of form; de Man, Paul Shelley disfigured; Derrida, Jacques Living on;Hartman, G.H. Words, Wish, Worth:Wordsworth; Miller, J.Hillis The Critic as host. aCriticism aCriticism, 20th century aLCLIBbPG